header

The chemistry of fungi (Record no. 54894)

MARC details
000 -LEADER
fixed length control field 01338nam a2200361Ia 4500
082 04 - DEWEY DECIMAL CLASSIFICATION NUMBER
Classification number 572.4295
Classification number 589.2041
Classification number 572/.295
100 1# - MAIN ENTRY--AUTHOR NAME
Personal name Hanson, James Ralph.
245 14 - TITLE STATEMENT
Title The chemistry of fungi
260 ## - PUBLICATION, DISTRIBUTION, ETC. (IMPRINT)
Place of publication Cambridge, UK :
Name of publisher Royal Society of Chemistry,
Year of publication c2008.
300 ## - PHYSICAL DESCRIPTION
Number of Pages xi, 221 p. :
Other physical details ill.
650 #0 - SUBJECT ADDED ENTRY--TOPICAL TERM
Topical Term Fungal metabolites.
Topical Term Microorganisms
856 40 - ELECTRONIC LOCATION AND ACCESS
Uniform Resource Identifier http://site.ebrary.com/lib/rucke/Doc?id=10618664

No items available.

© 2026 Rongo University
Contact us: librarian | system librarian | Rongo university